00532nam a2200181 a 45000010010000000030011000100080041000210350026000620820014000881000017001022450024001192600051001436500020001949420012002149520089002269980020003159990015003350000-9357ELIB.Books110520 1960  a(ELIB.Books)0000-9509 a261 bPik aPike, Esther aWho Is My Neighbor? bNew York: Macmillan Publishing Co, Inc. c1960 aSocial Theology 2ddccBK 00102ddc4070aKBTSbKBTSd2011-05-20l0p393r2022-01-22 00:00:00w2022-01-22yBK cbate2011-05-20 c9357d9357